Banner

Gestión de la calidad en el sector público : (Record no. 1993)

MARC details
000 -LEADER
campo de control de longitud fija 01408nam a2200277Ia 4500
003 - IDENTIFICADOR DE NÚMERO DE CONTROL
campo de control OSt
005 - FECHA Y HORA DE LA ÚLTIMA TRANSACCIÓN
campo de control 20250523223320.0
008 - DATOS DE LONGITUD FIJA--INFORMACIÓN GENERAL
campo de control de longitud fija 130821s2004 ck a gr spa
020 ## - NÚMERO INTERNACIONAL ESTÁNDAR DEL LIBRO
Número Internacional Estándar del Libro 9789588585055
040 ## - FUENTE DE CATALOGACIÓN
Centro catalogador/agencia de origen CO-UDECOLOMBIA
Lengua de catalogación spa
Centro/agencia transcriptor CO-UDECOLOMBIA
Centro/agencia modificador CO-UDECOLOMBIA
041 00 - CÓDIGO DE IDIOMA
Código de lengua del texto/banda sonora o título independiente spa
082 04 - NÚMERO DE LA CLASIFICACIÓN DECIMAL DEWEY
Número de clasificación 352.43
Número de ítem C718
110 1# - ENTRADA PRINCIPAL--NOMBRE DE ENTIDAD CORPORATIVA
Nombre de entidad corporativa o nombre de jurisdicción como elemento de entrada Instituto Colombiano de Normas Técnicas y Certificación. ICONTEC
245 10 - MENCIÓN DEL TÍTULO
Título Gestión de la calidad en el sector público :
Resto del título Norma Técnica de Calidad en la Gestión Pública (NTCGP1000 : 2004) /
Mención de responsabilidad, etc. Instituto Colombiano de Normas Técnicas y Certificación. ICONTEC.
260 ## - PUBLICACIÓN, DISTRIBUCIÓN, ETC.
Lugar de publicación, distribución, etc. Bogotá (Colombia) :
Nombre del editor, distribuidor, etc. ICONTEC,
Fecha de publicación, distribución, etc. 2009.
300 ## - DESCRIPCIÓN FÍSICA
Extensión 132 páginas
Otras características físicas ilustraciones, tablas, cuadros
505 0# - NOTA DE CONTENIDO CON FORMATO
Nota de contenido con formato Introducción -- Objeto y campo de aplicación -- Términos y definiciones -- Sistema de gestión de la calidad -- Responsabilidad de la dirección -- Gestión de los recursos -- Realización del producto o prestación del servicio -- Medición, análisis y mejora
650 04 - PUNTO DE ACCESO ADICIONAL DE MATERIA--TÉRMINO DE MATERIA
Término de materia o nombre geográfico como elemento de entrada Administración de empresas
9 (RLIN) 435
650 04 - PUNTO DE ACCESO ADICIONAL DE MATERIA--TÉRMINO DE MATERIA
Término de materia o nombre geográfico como elemento de entrada Administración pública
9 (RLIN) 355
650 04 - PUNTO DE ACCESO ADICIONAL DE MATERIA--TÉRMINO DE MATERIA
Término de materia o nombre geográfico como elemento de entrada Calidad total
Subdivisión de forma Normas
9 (RLIN) 10321
650 04 - PUNTO DE ACCESO ADICIONAL DE MATERIA--TÉRMINO DE MATERIA
Término de materia o nombre geográfico como elemento de entrada Control de calidad
Subdivisión de forma Normas
9 (RLIN) 11873
650 04 - PUNTO DE ACCESO ADICIONAL DE MATERIA--TÉRMINO DE MATERIA
Término de materia o nombre geográfico como elemento de entrada Norma Técnica de Calidad en la Gestión Pública. NTCGP 1000:2004
650 04 - PUNTO DE ACCESO ADICIONAL DE MATERIA--TÉRMINO DE MATERIA
Término de materia o nombre geográfico como elemento de entrada Sector público
Subdivisión de forma Normas
9 (RLIN) 24059
651 ## - PUNTO DE ACCESO ADICIONAL DE MATERIA--NOMBRE GEOGRÁFICO
Nombre geográfico Colombia
Subdivisión general Administración pública
Subdivisión de forma Normas
9 (RLIN) 26606
942 ## - ELEMENTOS DE ENTRADA SECUNDARIOS (KOHA)
Tipo de ítem Koha Libros
Fuente del sistema de clasificación o colocación Clasificación Decimal Dewey
Parte de la signatura que corresponde a la clasificación (Parte de la clasificación) 352.43 C718
Holdings
Estatus retirado Estado de pérdida Fuente del sistema de clasificación o colocación Estado de daño No para préstamo Colección Biblioteca de origen Biblioteca actual Fecha de adquisición Fuente de adquisición Total de préstamos Signatura topográfica completa Código de barras Visto por última vez Copia número Precio de reemplazo Tipo de ítem Koha
    Clasificación Decimal Dewey     Colección general U DE COLOMBIA - Biblioteca U DE COLOMBIA - Biblioteca 23/05/2025 Donación 2025   352.43 C718 001226 23/05/2025 1 23/05/2025 Libros


Biblioteca Académica Corporación Universitaria U DE COLOMBIA | Teléfono: +(57) (4) 2398080 ext. 1112 | E-mail: biblioteca@udecolombia.edu.co | Dirección: Calle 56 Nº 41 – 147 (Bolivia con Girardot)
Horario de atención: lunes a viernes 8:00 a.m. a 8:00 p.m. - sábados 8:00 a.m. a 4:00 p.m.
Implementado por Grupo EGS.

Powered by Koha